| 000 | 00667nam a2200241 a 4500 | ||
|---|---|---|---|
| 001 | 7143 | ||
| 003 | BD-RjUL | ||
| 005 | 20211208234354.0 | ||
| 008 | 130114s19601958enk 001 0 eng d | ||
| 035 | _a(BD-RjUL)7185 | ||
| 040 |
_aANL _beng _cANL _dBD-RjUL |
||
| 041 | _aeng | ||
| 082 |
_a380.1 _bSTP 1960 |
||
| 100 | 1 |
_aStephenson, James, _d1884- _922347 |
|
| 245 | 1 | 0 |
_aPrinciples and practice of commerce / _c H. O. Beecheno. |
| 250 | _a5th ed. | ||
| 260 |
_aLondon, _bI. Pitman _cc1958 [reprinted 1960] |
||
| 300 |
_axiv, 688 p. : _bill. ; _c22 cm. |
||
| 650 | 0 |
_aCommerce. _922348 |
|
| 650 | 0 |
_aBusiness. _922349 |
|
| 650 | 0 |
_aEconomics. _922350 |
|
| 942 |
_2ddc _cBK |
||
| 999 |
_c7143 _d7143 |
||